000 00527nmm a22002177a 4500
005 20190814101440.0
006 a||||| |||| 00| 0
007 co |aa|aaaa
008 160212b xxu||||| |||| 00| 0 spa d
041 _aspa
082 _a600 DC
110 _aOcéano Multimedia
_93769
245 _aGuía del cuerpo y la salud
260 _aEspaña
260 _bOcéano Multimedia
300 _a1 CD-ROM
650 _aSALUD
_9396
650 _aCUERPO HUMANO
_91361
650 _aGUÍA PARA PADRES
_955496
942 _cCD
999 _c12247
_d12247